[Event "Montreal op"]
[Site "Montreal"]
[Date "1986.08.30"]
[Round "2"]
[White "Josserand, Bruno"]
[Black "Clement, Michel"]
[Result "0-1"]
[WhiteElo "1688"]
[BlackElo "1847"]
[PlyCount "84"]
[EventDate "1986.08.29"]
[EventType "swiss"]
[EventRounds "6"]
[EventCountry "CAN"]
[SourceTitle "EXT 2022"]
[Source "ChessBase"]
[SourceDate "2021.10.06"]
[SourceVersion "1"]
[SourceVersionDate "2021.10.06"]
[SourceQuality "1"]

1. d4 f5 2. g3 Nf6 3. Bg2 e6 4. Nh3 d5 5. 0-0 Bd6 6. c4 c6 7. b3 Qe7 8. c5 Bc7 9. f4 b6 10. Ba3 bxc5 11. Bxc5 Bd6 12. Bxd6 Qxd6 13. Nd2 Ng4 14. Rf3 Ba6 15. Nf2 Nxf2 16. Kxf2 Nd7 17. Rc3 0-0 18. Rac1 Rac8 19. Nf3 Nf6 20. Ne5 Ng4+ 21. Nxg4 fxg4 22. e3 h5 23. Qc2 Bb7 24. h3 gxh3 25. Bxh3 Rf6 26. Qe2 g6 27. g4 g5 28. gxh5 gxf4 29. Qg4+ Kh8 30. Rg1 fxe3+ 31. Kxe3 Qf8 32. Rc2 c5 33. dxc5 e5 34. b4 d4+ 35. Kd2 Rf2+ 36. Kc1 Rxc2+ 37. Kxc2 Qf2+ 38. Kc1 Qe3+ 39. Kb2 Qc3+ 40. Kb1 Qxb4+ 41. Ka1 Qc3+ 42. Kb1 Be4+ 0-1